Intervención imperialista en el Salvador. La clase obrera y el pueblo salvadoreño en lucha contra el fascismo, la social-democracia y el revisionismo
Kaydedildi:
| Müşterek Yazar: | |
|---|---|
| Materyal Türü: | Metin |
| Baskı/Yayın Bilgisi: |
El Salvador:
Publicaciones Frente Obrero
|
| Etiketler: |
Etiketle
Etiket eklenmemiş, İlk siz ekleyin!
|
MARC
| LEADER | 00000 a a2200000 04500 | ||
|---|---|---|---|
| 001 | 14663 | ||
| 003 | |||
| 040 | |||
| 090 | |a 022000 | ||
| 110 | |a Frente Obrero (El Salvador) | ||
| 245 | |a Intervención imperialista en el Salvador. La clase obrera y el pueblo salvadoreño en lucha contra el fascismo, la social-democracia y el revisionismo | ||
| 260 | |a El Salvador: |b Publicaciones Frente Obrero | ||
| 300 | |a 15 p. | ||
| 999 | |c 12412 |d 12412 | ||
